Statistics for NF Charting Songs (Billboard Hot 100)

Click here to take the quiz!

General Stats

  • This quiz has been taken 147 times
    (35 since last reset)
  • The average score is 8 of 12

Answer Stats

AlbumWeeks OnPeakArtist(s)Song% Correct
The Search2 Weeks#70NFThe Search
100%
Hope2 Weeks#49NFHope
90%
Perception28 Weeks#12NFLet You Down
90%
Clouds (The Mixtape)2 Weeks#53NFClouds
87%
Clouds (The Mixtape)1 Week#79NF ft. HopsinLost
70%
Hope1 Week#85NF ft. CordaeCareful
67%
Hope6 Weeks#54NFHappy
63%
The Search20 Weeks#41NFTime
63%
The Search1 Week#85NFLeave Me Alone
47%
The Search1 Week#78NFWhen I Grow Up
47%
Non-Album Single1 Week#82NFNo Name
40%
Perception20 Weeks#48NFLie
37%

Score Distribution

Percentile by Number Answered

Percent of People with Each Score

Your Score History

You have not taken this quiz since the last reset